[Event "FICGS class E 000003 email"]
[Site "FICGS email"]
[Date "2006.05.02"]
[Round "1"]
[White "Martin, Denis"]
[Black "Riha, Josef"]
[Result "0-1"]
[WhiteElo "1342"]
[BlackElo "1476"]
[PlyCount "24"]
[EventDate "2006.??.??"]
[EventType "tourn (corr)"]
[EventRounds "5"]
[SourceTitle "Corr 2022"]
[Source "ChessBase"]
[SourceDate "2021.10.24"]
[SourceVersion "1"]
[SourceVersionDate "2021.10.24"]
[SourceQuality "1"]

1. e4 c5 2. Nf3 Nc6 3. d4 cxd4 4. Nxd4 Nf6 5. Nc3 e5 6. Ndb5 d6 7. Bg5 a6 8. Na3 b5 9. Nd5 Qa5+ 10. Bd2 Qd8 11. Nxf6+ Qxf6 12. c3 Qg6 0-1

[Event "FICGS class F 000001 email"]
[Site "FICGS email"]
[Date "2006.04.28"]
[Round "1"]
[White "Martin, Denis"]
[Black "Sartorius, Julien"]
[Result "0-1"]
[WhiteElo "1342"]
[BlackElo "1200"]
[PlyCount "20"]
[EventDate "2006.??.??"]
[EventType "tourn (corr)"]
[EventRounds "5"]
[SourceTitle "Corr 2022"]
[Source "ChessBase"]
[SourceDate "2021.10.24"]
[SourceVersion "1"]
[SourceVersionDate "2021.10.24"]
[SourceQuality "1"]

1. e4 e5 2. Nf3 Nc6 3. Bb5 Nf6 4. d3 a6 5. Bxc6 bxc6 6. Nxe5 Bc5 7. Qf3 0-0 8. Bg5 h6 9. Bh4 g5 10. Bg3 Bd4 0-1